Brown Butterflies - Statistics

General Stats
  • This quiz has been taken 8 times
    6 since last reset
  • The average score is 7 of 11
Answer Stats
Picture Answer % Correct
Ringlet
100%
Small Heath
100%
Speckled Wood
100%
Large Heath
67%
Marbled White
67%
Meadow Brown
67%
Scotch Argus
67%
Gatekeeper
33%
Grayling
33%
Mountain Ringlet
33%
Wall Brown
33%
No matching quizzes found
Score Distribution
Percent of People with Each Score
Percentile by Number Answered
Your Score History
You have not taken this quiz since the last reset